00358nam a22001577a 4500003000400000005001700004008004100021020001800062040000700080082001400087100002500101245003500126250000800161260002300169300000800192OSt20220127153612.0220127b |||||||| |||| 00| 0 eng d a9780011272384 cHU a621.31924 aAlexander K. Charles aFundamentals Electric Circuits a4ed aNew YorkbNew York f901